000 00601cam a2200181 i 4500
005 20251117121348.0
008 250721s2002 jo gr 000 0 ara d
082 1 4 _a210.421334
_bن م و
100 1 _aنموس، عاطف محمود.
_eمؤلف.
245 1 2 _aالحسد والعين /
_cتأليف عاطف محمود ناموس.
250 _aالطبعة الاولى.
264 3 1 _aعمان :
_bدار الإسراء للنشر والتوزيع،
_c2002.
300 _a87 صفحة.
650 1 7 _aالإسلام.
650 1 7 _aالسحر.
942 _2ddc
_cBK
999 _c87455
_d87455